<?xml version="1.0" encoding="UTF-8"?>
<record
    xmlns:xsi="http://www.w3.org/2001/XMLSchema-instance"
    xsi:schemaLocation="http://www.loc.gov/MARC21/slim http://www.loc.gov/standards/marcxml/schema/MARC21slim.xsd"
    xmlns="http://www.loc.gov/MARC21/slim">

  <leader>02954nam a22004097a 4500</leader>
  <controlfield tag="003">dpl</controlfield>
  <controlfield tag="005">20100322161358.0</controlfield>
  <controlfield tag="007">DVD</controlfield>
  <controlfield tag="008">050907s2005    cau105 g      00| 0 eng d</controlfield>
  <datafield tag="010" ind1=" " ind2=" ">
    <subfield code="a">DVD-007256-7264</subfield>
  </datafield>
  <datafield tag="024" ind1=" " ind2=" ">
    <subfield code="c">69.00</subfield>
  </datafield>
  <datafield tag="035" ind1=" " ind2=" ">
    <subfield code="a">DVD-007256-7264</subfield>
  </datafield>
  <datafield tag="040" ind1=" " ind2=" ">
    <subfield code="a">DPL</subfield>
    <subfield code="c">DPL</subfield>
  </datafield>
  <datafield tag="092" ind1=" " ind2=" ">
    <subfield code="a">DVD TOPF</subfield>
  </datafield>
  <datafield tag="245" ind1=" " ind2=" ">
    <subfield code="a">Top Fighter</subfield>
    <subfield code="h">[videorecording]  DVD /</subfield>
    <subfield code="c">Diskovery Video &amp; laser Co. Pvt. Ltd. Presents</subfield>
  </datafield>
  <datafield tag="260" ind1=" " ind2=" ">
    <subfield code="b">Diskovery Video</subfield>
  </datafield>
  <datafield tag="300" ind1=" " ind2=" ">
    <subfield code="a">2 videocassette (VCD);</subfield>
    <subfield code="b">sd., col. ;</subfield>
    <subfield code="c">4-3/4 in.</subfield>
    <subfield code="f">VCD</subfield>
  </datafield>
  <datafield tag="440" ind1=" " ind2=" ">
    <subfield code="a">Diskovery Video</subfield>
  </datafield>
  <datafield tag="538" ind1=" " ind2=" ">
    <subfield code="a">Dolby digital 5.1, English </subfield>
  </datafield>
  <datafield tag="538" ind1=" " ind2=" ">
    <subfield code="a">This is a Videio CD with digital audio, full Motion video and Play Back Controls Suitable for Video CD, LD, DVD Player and Multimedia PCs with MPEG card.</subfield>
  </datafield>
  <datafield tag="650" ind1=" " ind2=" ">
    <subfield code="a">Motion Picture</subfield>
  </datafield>
  <datafield tag="700" ind1=" " ind2=" ">
    <subfield code="a">Bruce Lee</subfield>
  </datafield>
  <datafield tag="700" ind1=" " ind2=" ">
    <subfield code="a">Jackie Chan</subfield>
  </datafield>
  <datafield tag="700" ind1=" " ind2=" ">
    <subfield code="a">Van Damme</subfield>
  </datafield>
  <datafield tag="700" ind1=" " ind2=" ">
    <subfield code="a">Bolo Yeung</subfield>
  </datafield>
  <datafield tag="942" ind1=" " ind2=" ">
    <subfield code="c">CF</subfield>
    <subfield code="2">ddc</subfield>
    <subfield code="h">DVD</subfield>
    <subfield code="m">TOPF</subfield>
  </datafield>
  <datafield tag="999" ind1=" " ind2=" ">
    <subfield code="c">34835</subfield>
    <subfield code="d">34835</subfield>
  </datafield>
  <datafield tag="952" ind1=" " ind2=" ">
    <subfield code="0">0</subfield>
    <subfield code="1">3</subfield>
    <subfield code="2">ddc</subfield>
    <subfield code="4">0</subfield>
    <subfield code="7">0</subfield>
    <subfield code="a">L</subfield>
    <subfield code="b">L</subfield>
    <subfield code="d">2010-03-22</subfield>
    <subfield code="e">Pioneers/1111/30-12-09/325/13-10-09 /30-12-09 </subfield>
    <subfield code="g">69.00</subfield>
    <subfield code="l">3</subfield>
    <subfield code="m">1</subfield>
    <subfield code="o">DVD TOPF</subfield>
    <subfield code="p">DVD-007256</subfield>
    <subfield code="r">2010-06-15 00:00:00</subfield>
    <subfield code="s">2010-05-25</subfield>
    <subfield code="t">1</subfield>
    <subfield code="v">69.00</subfield>
    <subfield code="w">2010-03-22</subfield>
    <subfield code="y">CF</subfield>
    <subfield code="z">Recd.Rs. 69.00 vide  Receipt No. 78/20 dt 08-06-2010</subfield>
  </datafield>
  <datafield tag="952" ind1=" " ind2=" ">
    <subfield code="0">1</subfield>
    <subfield code="1">0</subfield>
    <subfield code="2">ddc</subfield>
    <subfield code="4">0</subfield>
    <subfield code="7">0</subfield>
    <subfield code="a">BL1</subfield>
    <subfield code="b">BL1</subfield>
    <subfield code="d">2010-03-22</subfield>
    <subfield code="e">Pioneers/1111/30-12-09/325/13-10-09 /30-12-09 </subfield>
    <subfield code="g">69.00</subfield>
    <subfield code="l">1</subfield>
    <subfield code="o">DVD TOPF</subfield>
    <subfield code="p">DVD-007257</subfield>
    <subfield code="r">2011-05-08 00:00:00</subfield>
    <subfield code="s">2010-05-22</subfield>
    <subfield code="t">1</subfield>
    <subfield code="v">69.00</subfield>
    <subfield code="w">2010-03-22</subfield>
    <subfield code="y">CF</subfield>
  </datafield>
  <datafield tag="952" ind1=" " ind2=" ">
    <subfield code="0">0</subfield>
    <subfield code="1">0</subfield>
    <subfield code="2">ddc</subfield>
    <subfield code="4">0</subfield>
    <subfield code="7">0</subfield>
    <subfield code="a">JP</subfield>
    <subfield code="b">JP</subfield>
    <subfield code="d">2010-03-22</subfield>
    <subfield code="e">Pioneers/1111/30-12-09/325/13-10-09 /30-12-09 </subfield>
    <subfield code="g">69.00</subfield>
    <subfield code="l">15</subfield>
    <subfield code="o">DVD TOPF</subfield>
    <subfield code="p">DVD-007258</subfield>
    <subfield code="r">2013-05-20 00:00:00</subfield>
    <subfield code="s">2013-05-11</subfield>
    <subfield code="t">1</subfield>
    <subfield code="v">69.00</subfield>
    <subfield code="w">2010-03-22</subfield>
    <subfield code="y">CF</subfield>
  </datafield>
  <datafield tag="952" ind1=" " ind2=" ">
    <subfield code="0">0</subfield>
    <subfield code="1">0</subfield>
    <subfield code="2">ddc</subfield>
    <subfield code="4">0</subfield>
    <subfield code="7">0</subfield>
    <subfield code="a">ZLS</subfield>
    <subfield code="b">ZLS</subfield>
    <subfield code="d">2010-03-22</subfield>
    <subfield code="e">Pioneers/1111/30-12-09/325/13-10-09 /30-12-09 </subfield>
    <subfield code="g">69.00</subfield>
    <subfield code="l">4</subfield>
    <subfield code="o">DVD TOPF</subfield>
    <subfield code="p">DVD-007259</subfield>
    <subfield code="r">2011-08-20 00:00:00</subfield>
    <subfield code="s">2011-08-19</subfield>
    <subfield code="t">1</subfield>
    <subfield code="v">69.00</subfield>
    <subfield code="w">2010-03-22</subfield>
    <subfield code="y">CF</subfield>
  </datafield>
  <datafield tag="952" ind1=" " ind2=" ">
    <subfield code="0">0</subfield>
    <subfield code="1">0</subfield>
    <subfield code="2">ddc</subfield>
    <subfield code="4">0</subfield>
    <subfield code="7">0</subfield>
    <subfield code="a">RKP</subfield>
    <subfield code="b">RKP</subfield>
    <subfield code="d">2010-03-22</subfield>
    <subfield code="e">Pioneers/1111/30-12-09/325/13-10-09 /30-12-09 </subfield>
    <subfield code="g">69.00</subfield>
    <subfield code="l">2</subfield>
    <subfield code="o">DVD TOPF</subfield>
    <subfield code="p">DVD-007260</subfield>
    <subfield code="r">2014-02-28 00:00:00</subfield>
    <subfield code="s">2011-04-26</subfield>
    <subfield code="t">1</subfield>
    <subfield code="v">69.00</subfield>
    <subfield code="w">2010-03-22</subfield>
    <subfield code="y">CF</subfield>
    <subfield code="z">cost recovered vide receipt No.2270/27 dt.26.4.2011 Rs.69/-</subfield>
  </datafield>
  <datafield tag="952" ind1=" " ind2=" ">
    <subfield code="0">0</subfield>
    <subfield code="1">0</subfield>
    <subfield code="2">ddc</subfield>
    <subfield code="4">0</subfield>
    <subfield code="7">0</subfield>
    <subfield code="a">VP</subfield>
    <subfield code="b">VP</subfield>
    <subfield code="d">2010-03-22</subfield>
    <subfield code="e">Pioneers/1111/30-12-09/325/13-10-09 /30-12-09 </subfield>
    <subfield code="g">69.00</subfield>
    <subfield code="l">7</subfield>
    <subfield code="o">DVD TOPF</subfield>
    <subfield code="p">DVD-007261</subfield>
    <subfield code="r">2012-06-04 00:00:00</subfield>
    <subfield code="s">2012-05-30</subfield>
    <subfield code="t">1</subfield>
    <subfield code="v">69.00</subfield>
    <subfield code="w">2010-03-22</subfield>
    <subfield code="y">CF</subfield>
  </datafield>
  <datafield tag="952" ind1=" " ind2=" ">
    <subfield code="0">0</subfield>
    <subfield code="1">0</subfield>
    <subfield code="2">ddc</subfield>
    <subfield code="4">0</subfield>
    <subfield code="7">0</subfield>
    <subfield code="a">BL3</subfield>
    <subfield code="b">BL3</subfield>
    <subfield code="d">2010-03-22</subfield>
    <subfield code="e">Pioneers/1111/30-12-09/325/13-10-09 /30-12-09 </subfield>
    <subfield code="g">69.00</subfield>
    <subfield code="l">4</subfield>
    <subfield code="o">DVD TOPF</subfield>
    <subfield code="p">DVD-007262</subfield>
    <subfield code="r">2012-09-27 00:00:00</subfield>
    <subfield code="s">2012-09-26</subfield>
    <subfield code="t">1</subfield>
    <subfield code="v">69.00</subfield>
    <subfield code="w">2010-03-22</subfield>
    <subfield code="y">CF</subfield>
  </datafield>
  <datafield tag="952" ind1=" " ind2=" ">
    <subfield code="0">0</subfield>
    <subfield code="1">0</subfield>
    <subfield code="2">ddc</subfield>
    <subfield code="4">0</subfield>
    <subfield code="7">0</subfield>
    <subfield code="a">NR</subfield>
    <subfield code="b">NR</subfield>
    <subfield code="d">2010-03-22</subfield>
    <subfield code="e">Pioneers/1111/30-12-09/325/13-10-09 /30-12-09 </subfield>
    <subfield code="g">69.00</subfield>
    <subfield code="l">5</subfield>
    <subfield code="o">DVD TOPF</subfield>
    <subfield code="p">DVD-007263</subfield>
    <subfield code="r">2011-10-14 00:00:00</subfield>
    <subfield code="s">2011-09-30</subfield>
    <subfield code="t">1</subfield>
    <subfield code="v">69.00</subfield>
    <subfield code="w">2010-03-22</subfield>
    <subfield code="y">CF</subfield>
  </datafield>
  <datafield tag="952" ind1=" " ind2=" ">
    <subfield code="0">0</subfield>
    <subfield code="1">0</subfield>
    <subfield code="2">ddc</subfield>
    <subfield code="4">0</subfield>
    <subfield code="7">0</subfield>
    <subfield code="a">BL4</subfield>
    <subfield code="b">BL4</subfield>
    <subfield code="d">2010-03-22</subfield>
    <subfield code="e">Pioneers/1111/30-12-09/325/13-10-09 /30-12-09 </subfield>
    <subfield code="g">69.00</subfield>
    <subfield code="l">0</subfield>
    <subfield code="o">DVD TOPF</subfield>
    <subfield code="p">DVD-007264</subfield>
    <subfield code="r">2010-03-22 00:00:00</subfield>
    <subfield code="t">1</subfield>
    <subfield code="v">69.00</subfield>
    <subfield code="w">2010-03-22</subfield>
    <subfield code="y">CF</subfield>
  </datafield>
</record>
